Autobahnausfahrten an der BAB 29 - Statistiken

Allgemein
  • Dieses Quiz wurde 9 mal gespielt
  • Das Durchschnittsergebnis liegt bei 16 aus 21
Antwortstatistiken
Hint Antwort % Korrekt
3 Wilhelmshaven
100%
20 Ahlhorn
83%
21 Dreieck Ahlhorner Heide
83%
19 Großenkneten
83%
10 Jaderberg
83%
13 Kreuz Oldenburg-Nord
83%
16 Kreuz Oldenburg-Ost
83%
15 Oldenburg-Hafen
83%
12 Rastede
83%
6 Sande
83%
17 Sandkrug
83%
1 Voslapp
83%
4 Fedderwarden
67%
11 Hahn-Lehmden
67%
14 Oldenburg-Ohmstede
67%
8 Varel/Bockhorn
67%
9 Varel-Obenstrohe
67%
18 Wardenburg
67%
5 Wilhelmshavener Kreuz
67%
7 Zetel
67%
2 Fedderwardengroden
33%
Keine übereinstimmenden Quizze gefunden
Verteilung der Resultate
Anzahl Personen mit jedem Resultat
Perzentil nach korrekt beantworteten Fragen
Ihre Resultats-Entwicklung
Sie haben dieses Quiz noch nicht gespielt